Philosophy and psychology of time (Record no. 999350)

MARC details
000 -LEADER
fixed length control field 00950nam a2200289Ia 4500
003 - CONTROL NUMBER IDENTIFIER
control field OSt
005 - DATE AND TIME OF LATEST TRANSACTION
control field 20221005092756.0
008 - FIXED-LENGTH DATA ELEMENTS--GENERAL INFORMATION
fixed length control field 221004b |||||||| |||| 00| 0 eng d
020 ## - INTERNATIONAL STANDARD BOOK NUMBER
International Standard Book Number 9783319221946 (hbk)
037 ## - SOURCE OF ACQUISITION
Terms of availability Textual
040 ## - CATALOGING SOURCE
Original cataloging agency CRL
Transcribing agency CRL
Language of cataloging eng
041 ## - LANGUAGE CODE
Source of code eng
Language code of text/sound track or separate title eng
100 ## - MAIN ENTRY--PERSONAL NAME
Personal name Molder Bruno Ed.
9 (RLIN) 617754
245 #0 - TITLE STATEMENT
Title Philosophy and psychology of time
260 ## - PUBLICATION, DISTRIBUTION, ETC.
Place of publication, distribution, etc. New York
Name of publisher, distributor, etc. Springer U.S.A.
Date of publication, distribution, etc. 2016
300 ## - PHYSICAL DESCRIPTION
Extent vi, 271p.
Dimensions cm.
490 ## - SERIES STATEMENT
Series statement Studies in brain and mind; Vol. 9
650 ## - SUBJECT ADDED ENTRY--TOPICAL TERM
Topical term or geographic name entry element PSYCHOLOGY
700 ## - ADDED ENTRY--PERSONAL NAME
Personal name Arstila Valtteri Ed.
9 (RLIN) 617755
700 ## - ADDED ENTRY--PERSONAL NAME
Personal name Ohrstrom Peter Ed.
9 (RLIN) 617756
942 ## - ADDED ENTRY ELEMENTS (KOHA)
Classification part R39(C81), Q6
Koha item type Textual
Source of classification or shelving scheme
Holdings
Withdrawn status Lost status Damaged status Not for loan Home library Current library Date acquired Source of acquisition Cost, normal purchase price Total Checkouts Full call number Barcode Date last seen Cost, replacement price Price effective from Koha item type
        Central Library Central Library 2022-10-05 240, 22/03/2016, Excel Book International 7565.23   R39(C81) Q6 CL1638877 2022-10-05 7565.23 2022-10-05 Textual
Copyright @ Delhi University Library System